| 000 | 00424pab a2200169 454500 | ||
|---|---|---|---|
| 008 | 180718b2012 xxu||||| |||| 00| 0 eng d | ||
| 100 | _aCarely, Sanya | ||
| 245 | _aCreating a sustainable US electricity sector: The question of scale | ||
| 260 | _c2012 | ||
| 300 | _ap.97-121. | ||
| 362 | _aJun | ||
| 650 | _aElectricity | ||
| 700 | _aAndrews, Richard N. | ||
| 773 | _aPolicy Sciences | ||
| 908 | _aN | ||
| 909 | _a96704 | ||
| 999 |
_c96704 _d96704 |
||